| 000 | 00339nam a2200121Ia 4500 | ||
|---|---|---|---|
| 008 | 210430s9999 xx 000 0 und d | ||
| 082 | _a530.41 W136 S | ||
| 100 | _aM A Wahab | ||
| 245 |
_aSolid State Physics Structure and properties of Materials _cM A Wahab |
||
| 260 |
_aislamabad _bM A Wahab _c2006 |
||
| 300 | _a596p | ||
| 942 |
_cBK _2ddc |
||
| 999 |
_c563989 _d563989 |
||